Rozpoznaj przebranie do Leona - Statystyki

Ogólne statystyki
  • Ten quiz został rozwiązany 74 razy
  • Średni wynik to 4 z 12
Statystyki odpowiedzi
Obrazkowy Odpowiedź % Poprawnych
Mecha Leon
67%
Rekin Leon
67%
Dino Leon
56%
Srebrny Leon
56%
Wilkołak Leon
56%
Złoty Leon
56%
Sally Leon
33%
Zbłąkany Leon
33%
Biały Wilk Leon
11%
Halloweenowy Leon
11%
Cienisty Mecha Leon
0%
Promienny Mecha Leon
0%
Nie znaleziono quizów pasujących do podanych kryteriów
Rozkład punktacji
Procent ludzi z każdym wynikiem
Percentyl według liczby udzielonych odpowiedzi
Twoja historia wyników
Nie rozwiązałeś tego quizu